Responses for Show #6594 - Thursday, April 25, 2013

Contestants

[<< previous game]

George McAleese, a political researcher from Washington, D.C.

Amanda Steadman, a director of underwriting policy from Winnipeg, Manitoba

Andy Hermann, a website producer from Los Angeles, California (whose 1-day cash winnings total $27,000)

[next game >>]

Jeopardy! Round responses

NOAH'S ARC
GREEN WITH NON-ENVY
HOME LAND
PUT YOUR MONEY WHERE YOUR MOUTH IS
LET'S GOLF!
HERE'S YOUR T OFF TIME
(Alex: Each correct response in that category will be two words.)
    $200 21
(Amanda: What is 150?)
(Andy: What is 50?)

500

AndyAmandaGeorge
    $200 16
lime

Andy
    $200 11
(George: What is Canada?)
(Andy: What is Berlin?)
...
(Alex: We're going for homeland, not city, and the homeland is [*].)

Germany

AndyGeorge
Triple Stumper
    $200 6
truffles

Andy
    $200 1
fore

George
    $400 22
grace

Triple Stumper
    $400 17
emerald

Andy
    $400 12
(Amanda: What is Baghdad?)
...
(Alex: Amanda, you gave me a city again, and we want the country. The country is [*].)

Saudi Arabia

Amanda
Triple Stumper
    $400 7
lobster

Andy
    $400 2
dogleg

George
    $600 23
(Alex: With a minute to go.)

altar

George
    $600 18
spinach

Andy
    $600 13
Venezuela

Amanda
    $600 8
sundae

Andy
    $600 3
Jack Nicklaus

Andy
    $800 24
(George: What are lemon trees?)

grapes

George
Triple Stumper
    $800 19
anaconda

George
    $1,000 14
(Alex: [*], yes indeed, the Terracotta warriors from Xi'an.)

China

Amanda
    $800 9
cheesesteak

Andy
    $800 4
Ryder Cup

George
    $800 27
[End-of-round signal sounds.]

stable & sable

Triple Stumper
    $1000 25
Shem and Japheth

Triple Stumper
    $1000 20
The Green Goblin

George
    $1000 15
Mexico

Triple Stumper
    $1000 10
(Amanda: What is linen?)

The French Laundry

AmandaGeorge
    $1000 5
Rory McIlroy

Amanda
    $1000 26
tally & ally

Andy

Scores at the first commercial break (after clue 14):

Andy Amanda George
$2,400 $1,200 $2,200

Scores at the end of the Jeopardy! Round:

Andy Amanda George
$4,400 $1,000 $4,000

Double Jeopardy! Round responses

THE CONFEDERATE STATES OF AMERICA
LITERARY SECOND BANANAS
ACTORS WHO SING
WHAT'S YOUR TECHNIQUE?
THE FAST & THE FURRIEST
OUT ON A "LIM"
    $400 6
Georgia

George
    $400 1
Friday

Amanda
    $400 12
Anne Hathaway

George
    $400 26
freeze (frame)

Andy
    $400 11
kangaroo

Andy
    $400 21
limerick

Andy
    $800 7
Texas

Amanda
    $800 2
Sancho Panza

Andy
    $800 13
Jeff Bridges

Andy
    $800 27
weaving

George
    $800 15
cheetah

George
    $800 22
limousine

Amanda
    $1200 8
South Carolina

George
    $1200 3
Hercule Poirot

Andy
    $1200 14
Hugh Laurie

George
    $1200 28
minimally invasive

Andy
    $1200 16
hyena

Andy
    $1200 23
limber

Andy
    $1600 9
Virginia

Amanda
    $2,000 4
(Andy: Who is Ajax?)

Achilles

Andy
    $1600 17
(Reese) Witherspoon

Andy
    $1600 29
Ikebana

Triple Stumper
    $3,000 19
gazelle

Amanda
    $1600 24
limpet

Amanda
    $2000 10
Tennessee

George
    $2000 5
Jack Aubrey

George
    $2000 18
Tom Cruise

Amanda
    $2000 30
stream of consciousness

Andy
    $2000 20
(Alex: And the hound is the [*]. The lyrics were sort of like Devo's "Whip It.")

whippet

Triple Stumper
    $2000 25
(Alex: With less than a minute to go.)

limit

George

Scores at the end of the Double Jeopardy! Round:

Andy Amanda George
$13,600 $11,200 $14,800

[wagering suggestions for these scores]

Final Jeopardy! Round responses

TV SPIN-OFFS
(Alex: [To Amanda] You are right, a spin-off of Cheers.)
AmandaWhat is Frasier?
$5,000
AndyWhat is Frasier?
$8,801
GeorgeWhat was Frasier?
$12,401
Frasier

Final scores:

Andy Amanda George
$22,401 $16,200 $27,201
2nd place: $2,000 3rd place: $1,000 New champion: $27,201

Game dynamics:

Coryat scores:

Andy Amanda George
$15,600 $9,600 $14,800
20 R,
3 W
(including 1 DD)
10 R
(including 2 DDs),
3 W
17 R,
2 W

Combined Coryat: $40,000

[game clues] [game scores] [suggest correction]

Game tape date: 2012-12-05
The J! Archive is created by fans, for fans. Scraping, republication, monetization, and malicious use prohibited; this site may use cookies and collect identifying information. See terms. The Jeopardy! game show and all elements thereof, including but not limited to copyright and trademark thereto, are the property of Jeopardy Productions, Inc. and are protected under law. This website is not affiliated with, sponsored by, or operated by Jeopardy Productions, Inc. Join the discussion at JBoard.tv.